000 00607nam a2200181Ia 4500
999 _c34944
_d34944
003 OSt
005 20200515090759.0
008 190216s9999||||xx |||||||||||||| ||und||
020 _a9644720601
040 _coclc
082 _a297
_bKHA/G
100 _aKhamenei, Ayatullah Al Uzma Seyyed Ali
_92268
245 0 _aGeneral Concepts Of Islam In The Quran /
_cAyatullah Al Uzma Seyyed Ali Khamenei
260 _bDepartment Of Translation And Publications,
_c1997.
300 _a99p
650 0 _aHistory & geography
_vIslamic History
_92271
942 _cBK
_2ddc
_h297
_iKHA/G
_k297
_mKHA/G